| 000 | 00634nam a2200229Ia 4500 | ||
|---|---|---|---|
| 001 | 41666 | ||
| 003 | OSt | ||
| 005 | 20170506105916.0 | ||
| 008 | 140424s9999 xx 000 0 und d | ||
| 020 | _a9780073532332 | ||
| 040 | _cPK-LaUMT | ||
| 082 |
_a515 _bHOF-A |
||
| 100 | _aBradley,, Gerald L. | ||
| 245 |
_aApplied calculus _bfor business, economics, and the social and life sciences _cBradley,, Gerald L.<>Hoffmann, Laurence D. |
||
| 250 | _a10th | ||
| 260 |
_aBoston,USA: _bMcGraw-Hill, _c2010 |
||
| 300 | _a1054 p. | ||
| 546 | _aEN | ||
| 650 | _aCalculus-Textbooks | ||
| 700 | _aHoffmann, Laurence D. | ||
| 942 |
_cBK _2ddc |
||
| 999 |
_c40332 _d40332 |
||